[Event "Warsaw Chess Open 2022 - A"]
[Site "Warsaw"]
[Date "1899-12-30"]
[Round "4.3"]
[White "Poltorak, Sebastian"]
[Black "Fus, Jakub"]
[Result "1/2-1/2"]
[WhiteTitle "FM"]
[BlackTitle "FM"]
[WhiteElo "2322"]
[BlackElo "2389"]

1. d4 Nf6 2. c4 e6 3. Nc3 d5 4. cxd5 exd5 5. Bg5 c6 6. e3 Nbd7 7. Bd3 Be7 8. Qc2
O-O 9. Nge2 Re8 10. O-O Nf8 11. h3 g6 12. f3 Ne6 13. Bh4 b5 14. Rad1 Bb7 15. f4
Nh5 16. Bf2 Nhg7 17. e4 dxe4 18. Bxe4 Nc7 19. f5 b4 20. Na4 Nd5 21. Ng3 Bd6 22.
Rfe1 Qg5 23. Qb3 gxf5 24. Bb1 Rad8 25. Qf3 Bc8 26. Nc5 h5 27. Nf1 Qf4 28. Qxf4
Bxf4 29. Bc2 Be6 30. Ba4 Rc8 31. Nd3 Bd6 32. Rc1 Ne7 33. Ne3 f4 1/2-1/2

[Event "Warsaw Chess Open 2022 - A"]
[Site "Warsaw"]
[Date "1899-12-30"]
[Round "4.4"]
[White "Sieciechowicz, Marcin"]
[Black "Karolczuk, Iwo"]
[Result "1-0"]
[WhiteTitle "IM"]
[BlackTitle "FM"]
[WhiteElo "2383"]
[BlackElo "2319"]

1. d4 Nf6 2. c4 e6 3. Nc3 Bb4 4. Qc2 O-O 5. a3 Bxc3+ 6. Qxc3 d5 7. Bg5 dxc4 8.
Qxc4 b6 9. Nf3 Ba6 10. Qc2 Nbd7 11. e3 Bxf1 12. Rxf1 c5 13. O-O-O cxd4 14. Kb1
Rc8 15. Qe2 h6 16. Bh4 Qc7 17. Rxd4 Nd5 18. Bg3 Qb7 19. e4 N5f6 20. Bd6 Rfe8 21.
e5 Nd5 22. g4 Nc5 23. Nd2 Qd7 24. g5 hxg5 25. Rg1 Na4 26. Ne4 Qc6 27. Qd1 Nc5
28. Nxg5 Qb5 29. Rg3 g6 30. Nxf7 Nd3 31. Rdxd3 Nf4 32. Rb3 Qa4 33. Ng5 Rc4 34.
Qf3 Rec8 35. Qb7 1-0

[Event "Warsaw Chess Open 2022 - A"]
[Site "Warsaw"]
[Date "1899-12-30"]
[Round "4.5"]
[White "Yezhel, Valiantsin"]
[Black "Sriram, Jha"]
[Result "1/2-1/2"]
[WhiteTitle ""]
[BlackTitle "GM"]
[WhiteElo "2248"]
[BlackElo "2361"]

1. d4 d5 2. c4 c6 3. Nc3 Nf6 4. Nf3 dxc4 5. a4 Bf5 6. e3 e6 7. Bxc4 Bb4 8. O-O
O-O 9. Bd3 Nbd7 10. e4 Bg6 11. e5 Nd5 12. Nxd5 cxd5 13. Bxg6 fxg6 14. Qb3 a5 15.
Ng5 Re8 16. f4 Qb6 17. Be3 Rac8 18. Qd3 Be7 19. Nf3 Nb8 20. Qb5 Qxb5 21. axb5
Bb4 1/2-1/2

[Event "Warsaw Chess Open 2022 - A"]
[Site "Warsaw"]
[Date "1899-12-30"]
[Round "4.6"]
[White "Rozycki, Bartlomiej"]
[Black "Pacan-milej, Kosma"]
[Result "0-1"]
[WhiteTitle "k++"]
[BlackTitle "FM"]
[WhiteElo "2210"]
[BlackElo "2412"]

1. d4 Nf6 2. c4 g6 3. Nc3 Bg7 4. e4 O-O 5. Nf3 d6 6. Be2 e5 7. Be3 Ng4 8. Bg5 f6
9. Bh4 Nc6 10. d5 Ne7 11. Nd2 Nh6 12. O-O g5 13. Bg3 f5 14. f3 Ng6 15. b4 Nf4
16. c5 Nxe2+ 17. Qxe2 f4 18. Bf2 g4 19. Rfc1 Rf7 20. cxd6 cxd6 21. Nb5 a6 22.
Nc3 Bf8 23. Na4 Rg7 24. Kh1 Qg5 25. Nb6 gxf3 26. Qxf3 Bg4 27. Qd3 Re8 28. Rc3
Qh5 29. Rac1 Nf7 30. Rc7 Ng5 31. Rxg7+ Bxg7 32. Rc3 Be2 33. Qc2 f3 34. Nbc4 Bxc4
35. Rxc4 fxg2+ 36. Kxg2 Qg4+ 37. Kf1 Rf8 38. Ke1 Nh3 39. Bg3 Bh6 40. Qd1 Qg5 41.
Rc3 Ng1 42. Nc4 Qg6 43. Qd3 Rf3 44. Qc2 Rxc3 45. Qxc3 Qxe4+ 46. Kf1 Ne2 47. Qe1
Qf3+ 48. Qf2 Nxg3+ 49. hxg3 Qh1+ 50. Qg1 Qxd5 51. Na5 Qb5+ 52. Kg2 Qxb4 53. Nb3
Qe4+ 54. Kh3 Be3 55. Qe1 d5 56. Qa5 Qf5+ 57. Kg2 Qd7 58. Kf3 Ba7 59. Nd2 e4+ 60.
Kg2 h5 61. Qc3 h4 62. Qf6 hxg3 63. Qg6+ Kf8 64. Qh6+ Ke7 65. Qh4+ Kd6 66. Qxg3+
Kc6 67. Nb3 Bc5 68. a4 Qd6 69. Qc3 Qg6+ 70. Kh3 Qh5+ 71. Kg3 Qg5+ 72. Kh2 Qf4+
0-1

[Event "Warsaw Chess Open 2022 - A"]
[Site "Warsaw"]
[Date "1899-12-30"]
[Round "4.7"]
[White "Antolak, Julia"]
[Black "Padalka, Artem"]
[Result "1-0"]
[WhiteTitle "WGM"]
[BlackTitle ""]
[WhiteElo "2399"]
[BlackElo "2204"]

1. e4 c5 2. Nf3 d6 3. d4 cxd4 4. Nxd4 Nf6 5. Nc3 g6 6. Be3 Bg7 7. Be2 Nc6 8. Qd2
O-O 9. O-O-O Nxd4 10. Bxd4 Be6 11. Kb1 b5 12. f3 b4 13. Nd5 Bxd5 14. exd5 Qa5
15. Bc4 Rfc8 16. Bb3 Qb5 17. Qd3 Qb7 18. Rhe1 a5 19. Ba4 Nxd5 20. Bxg7 Nb6 21.
Bh6 Nxa4 22. Qd4 f6 23. Qe3 e5 24. Qb3+ Qf7 25. Qxa4 g5 26. h4 Qg6 27. hxg5 fxg5
28. Rh1 Rc4 29. Qb3 Rac8 30. Qd3 e4 31. Qd5+ Kh8 32. Qxd6 Qxd6 33. Rxd6 Rxc2 34.
fxe4 Rxg2 35. Rhd1 Kg8 36. Rf6 Rg4 37. Rdf1 Rf4 38. R1xf4 gxf4 39. Rxf4 a4 40.
e5 b3 41. axb3 axb3 42. e6 Rc1+ 43. Kxc1 Kh8 44. Rf8# 1-0

[Event "Warsaw Chess Open 2022 - A"]
[Site "Warsaw"]
[Date "1899-12-30"]
[Round "4.9"]
[White "Janeczko, Jakub"]
[Black "Rudolf, Michal"]
[Result "1-0"]
[WhiteTitle "I++"]
[BlackTitle "FM"]
[WhiteElo "2080"]
[BlackElo "2361"]

1. e4 c5 2. d3 Nc6 3. g3 Nf6 4. Bg2 d5 5. Nd2 e6 6. Ngf3 Be7 7. O-O b6 8. Re1 Bb7
9. e5 Nd7 10. c3 g5 11. Qa4 Qc7 12. c4 g4 13. cxd5 gxf3 14. d6 Qc8 15. dxe7 b5
16. Qf4 Ncxe5 17. Rxe5 fxg2 18. Ne4 Bxe4 19. Rxe4 Kxe7 20. Qg5+ f6 21. Qg7+ Kd6
22. d4 Rg8 23. Bf4+ Kd5 24. Qxh7 Rh8 25. Qe7 Re8 26. Qh7 Rh8 27. Qg6 Qe8 28. Qg4
f5 29. Qd1 Qh5 30. Qb3+ c4 31. Qxb5+ Kxe4 32. f3+ Kxf3 33. Qc6+ Kg4 34. Kf2 g1=Q+
35. Rxg1 Qxh2+ 36. Rg2 Qxg2+ 37. Kxg2 1-0

[Event "Warsaw Chess Open 2022 - A"]
[Site "Warsaw"]
[Date "1899-12-30"]
[Round "4.10"]
[White "Szczurek, Krzysztof"]
[Black "Danielyan, Vahe"]
[Result "1/2-1/2"]
[WhiteTitle "FM"]
[BlackTitle "IM"]
[WhiteElo "2151"]
[BlackElo "2295"]

1. e4 c6 2. d4 d5 3. exd5 cxd5 4. Nf3 Nc6 5. c3 Nf6 6. Bd3 Bg4 7. Bf4 Bxf3 8. Qxf3
e6 9. Nd2 Bd6 10. Bg5 Qe7 11. O-O-O h6 12. Bh4 a6 13. g4 O-O-O 14. Kb1 Kb8 15.
Bg3 Ka8 16. Rde1 b5 17. Nb3 Rhe8 18. h4 Bxg3 19. Qxg3 Qd6 20. f4 Nd7 21. g5 h5
22. Nd2 Rb8 23. Qe3 Na5 24. b4 Nc4 25. Nxc4 bxc4 26. Bc2 g6 27. Kc1 a5 28. a3
Rec8 29. Kd2 Rc7 30. Ra1 Ra7 31. Rhb1 Rbb7 32. Ba4 Nb6 33. Bc2 Nc8 34. Qe5 Qd8
35. Ba4 Ne7 36. Bc2 Ra6 37. b5 Rd6 38. a4 Ka7 39. Re1 Kb6 40. Re2 Kc7 41. Rae1
Nc8 42. Ra1 Nb6 43. Qe3 Kb8 44. Rg2 Re7 45. Re1 Re8 46. Rge2 Rf8 47. Qg3 Kb7 48.
Ra1 Qc7 49. Qe3 Rdd8 50. Qe5 Qd7 51. Ree1 Rde8 52. Qe3 f5 53. Qf3 Nc8 54. Re5
Nd6 55. Kc1 Ka7 56. Qe3 Nf7 57. Kd2 Qd6 58. Re1 Nxe5 59. Qxe5 Rd8 60. Qxd6 1/2-1/2

[Event "Warsaw Chess Open 2022 - A"]
[Site "Warsaw"]
[Date "1899-12-30"]
[Round "4.11"]
[White "Dev, Shah"]
[Black "Tytynnik, Artem"]
[Result "0-1"]
[WhiteTitle "CM"]
[BlackTitle "FM"]
[WhiteElo "2292"]
[BlackElo "2186"]

1. Nf3 d5 2. d4 Nf6 3. c4 e6 4. g3 Bb4+ 5. Bd2 Be7 6. Bg2 c6 7. Qc2 O-O 8. O-O
b6 9. Ne5 Nfd7 10. Rd1 Nxe5 11. dxe5 Ba6 12. cxd5 cxd5 13. Bc3 Nc6 14. b3 Rc8
15. Qb2 Qc7 16. e3 Nb4 17. Bf1 Bxf1 18. Kxf1 f6 19. Qd2 a5 20. exf6 Bxf6 21. Bxf6
Rxf6 22. Na3 Rcf8 23. f4 e5 24. Rac1 Qf7 25. Qe2 g5 26. Kg1 gxf4 27. exf4 exf4
28. Rc3 f3 29. Qf2 Nxa2 30. Re3 Nb4 31. Rd4 Rc8 32. Re1 Rc3 33. Rg4+ Rg6 34. Rf4
Qxf4 0-1

[Event "Warsaw Chess Open 2022 - A"]
[Site "Warsaw"]
[Date "1899-12-30"]
[Round "4.12"]
[White "Mickiewicz, Piotr"]
[Black "Meers, Hubert"]
[Result "1-0"]
[WhiteTitle "m"]
[BlackTitle "k"]
[WhiteElo "2284"]
[BlackElo "2003"]

1. Nf3 d5 2. c4 e6 3. b3 Nf6 4. Bb2 Be7 5. e3 O-O 6. g3 b6 7. Bg2 Bb7 8. O-O Nbd7
9. d3 c6 10. Nbd2 Nc5 11. Ne5 Nfd7 12. Nxd7 Nxd7 13. d4 Nf6 14. e4 dxe4 15. Nxe4
Nxe4 16. Bxe4 Bf6 17. Qf3 Qc7 18. Rad1 Rfd8 19. Rd3 Rd7 20. Rfd1 Rad8 21. Bc3
h6 22. h4 b5 23. c5 a5 24. a3 b4 25. axb4 axb4 26. Bb2 Be7 27. Qe3 Ba6 28. R3d2
Bb5 29. Bb1 Rd5 30. Be4 R5d7 31. h5 e5 32. dxe5 Rxd2 33. Rxd2 Rxd2 34. Qxd2 Bxc5
35. Bb1 Bb6 36. Qxb4 Qd7 37. Qd6 Qxd6 38. exd6 Be2 39. Be4 c5 40. d7 Bg4 41. Bc6
Bxh5 42. Ba3 Bg4 43. Ba4 Bd1 44. Bxc5 Bd8 45. Kf1 h5 46. Ke1 Bf3 47. b4 g5 48.
b5 h4 49. gxh4 gxh4 50. Kf1 Kg7 51. b6 Kf6 52. Bd1 Bb7 53. Bb3 h3 54. Kg1 Bc6
55. f4 Bxd7 56. b7 Bc7 57. Bd4+ Kg6 58. Be5 Bc6 59. Bc2+ f5 60. Bxc7 Bxb7 61.
Bd1 Ba6 62. Kh2 Bf1 63. Kg3 Kh6 64. Bd8 Kg6 65. Bb3 Kh6 66. Bf7 Kg7 67. Be6 Kg6
68. Bg5 Bg2 69. Bc4 Kg7 70. Bd3 Kg6 71. Kh2 Bf3 72. Kxh3 Bd1 73. Kg3 Bg4 74. Bb5
Bd1 75. Be8+ Kg7 76. Kf2 Bb3 77. Ke3 Be6 78. Kd4 Bb3 79. Ke5 Bc2 80. Bf6+ Kh6
81. Ke6 Bd3 82. Ke7 Bc2 83. Kf8 Bb3 84. Bf7 Ba4 85. Kg8 Be8 86. Bg5# 1-0

[Event "Warsaw Chess Open 2022 - A"]
[Site "Warsaw"]
[Date "1899-12-30"]
[Round "4.13"]
[White "Starosta, Martyna"]
[Black "Chyzy, Jakub"]
[Result "0-1"]
[WhiteTitle "WCM"]
[BlackTitle "FM"]
[WhiteElo "1918"]
[BlackElo "2230"]

1. e4 e5 2. Nf3 Nc6 3. Bb5 a6 4. Ba4 Nf6 5. O-O Be7 6. Re1 b5 7. Bb3 d6 8. c3 O-O
9. h3 Nb8 10. d4 Nbd7 11. Nh4 Nxe4 12. Nf5 Ndf6 13. Qf3 Bb7 14. Bc2 g6 15. Nxe7+
Qxe7 16. Rxe4 Nxe4 17. Bxe4 exd4 18. Nd2 d5 19. Bxd5 Bxd5 20. Qxd5 dxc3 21. bxc3
Rad8 22. Qe4 Qxe4 23. Nxe4 Rd1+ 24. Kh2 f5 25. Nc5 Re8 26. Nxa6 c6 27. Nb4 Ree1
28. Nxc6 f4 29. g4 Rh1+ 30. Kg2 Rdg1+ 31. Kf3 Rxc1 32. Rxc1 Rxc1 33. Ne7+ Kf7
34. Nd5 g5 35. a3 h6 36. h4 gxh4 37. Kxf4 Rg1 0-1

[Event "Warsaw Chess Open 2022 - A"]
[Site "Warsaw"]
[Date "1899-12-30"]
[Round "4.14"]
[White "Mulawa, Cyprian"]
[Black "Sowul, Bartosz"]
[Result "1/2-1/2"]
[WhiteTitle "I"]
[BlackTitle "k++"]
[WhiteElo "1949"]
[BlackElo "2283"]

1. e4 d6 2. d4 Nf6 3. Nc3 e5 4. Nf3 exd4 5. Nxd4 Be7 6. g3 O-O 7. Bg2 Re8 8. O-O
Bf8 9. h3 Nbd7 10. Re1 Nc5 11. Nb3 Nfd7 12. Be3 Ne6 13. a4 a5 14. f4 c6 15. Qf3
Nec5 16. Nxc5 Nxc5 17. Rad1 Qb6 18. b3 Qb4 19. Bd2 Qb6 20. Qf2 Qc7 21. Be3 b6
22. Bd4 f5 23. exf5 Bxf5 24. g4 Bg6 25. f5 Bf7 26. Qf4 Qd7 27. h4 Rxe1+ 28. Rxe1
Re8 29. Rf1 d5 30. g5 Bd6 31. Qg4 Be5 32. Ne2 Bxd4+ 33. Nxd4 Ne4 34. h5 c5 35.
Nf3 g6 36. hxg6 hxg6 37. Nh4 Qd6 38. fxg6 Bxg6 39. Nxg6 Qxg6 40. Qd7 Qe6 41. Qxe6+
Rxe6 42. Rd1 Re5 43. Bxe4 Rxe4 44. Rxd5 Re2 45. Rd6 Rxc2 46. Rxb6 c4 47. bxc4
1/2-1/2

[Event "Warsaw Chess Open 2022 - A"]
[Site "Warsaw"]
[Date "1899-12-30"]
[Round "4.15"]
[White "Pires, Emanuel Joao Robarts"]
[Black "Terzi, Alexei"]
[Result "0-1"]
[WhiteTitle "I++"]
[BlackTitle "FM"]
[WhiteElo "2062"]
[BlackElo "2286"]

1. e4 c5 2. d4 cxd4 3. c3 Nf6 4. e5 Nd5 5. Nf3 Nc6 6. cxd4 d6 7. Bc4 Nb6 8. Bb5
dxe5 9. Nxe5 Bd7 10. Bxc6 Bxc6 11. O-O e6 12. Nxc6 bxc6 13. Nc3 Be7 14. Qg4 O-O
15. Bh6 Bf6 16. Rfd1 Nc4 17. b3 Nd6 18. Bf4 Nf5 19. Be3 Qa5 20. Na4 Rfd8 21. Rac1
Qa6 22. Rc4 Rac8 23. Rdc1 h6 24. R1c2 Qa5 25. Bd2 Qd5 26. Nc3 Qd7 27. Ne4 Bxd4
28. Ba5 h5 29. Qxh5 Bb6 30. Bd2 Qd3 31. g4 Nd4 32. Ng5 Nf3+ 33. Kg2 Nxg5 34. Bxg5
Qd5+ 35. f3 f6 36. Bc1 Qd1 37. Qg6 Qg1+ 38. Kh3 Qf1+ 39. Kg3 Qe1+ 40. Kh3 Qf1+
41. Kg3 Qe1+ 42. Kh3 Bf2 43. Rxf2 Qxf2 44. Bf4 Qxf3+ 45. Bg3 Qd3 46. Qxd3 Rxd3
47. Ra4 c5 48. g5 Kf7 49. Rxa7+ Kg6 50. Kg2 c4 51. bxc4 Rxc4 52. gxf6 gxf6 53.
a3 Rc2+ 54. Kh3 Ra2 55. a4 Rda3 56. Re7 e5 57. Re6 Rxa4 58. Bxe5 Kf5 59. Rxf6+
Kxe5 60. Rh6 R4a3+ 0-1

[Event "Warsaw Chess Open 2022 - A"]
[Site "Warsaw"]
[Date "1899-12-30"]
[Round "4.16"]
[White "Czernek, Tymon"]
[Black "Choroszej, Aleksander"]
[Result "1-0"]
[WhiteTitle "FM"]
[BlackTitle "k"]
[WhiteElo "2188"]
[BlackElo "2040"]

1. e4 g6 2. d4 Bg7 3. Nc3 d6 4. f4 Nf6 5. Nf3 O-O 6. e5 Nfd7 7. h4 c5 8. h5 cxd4
9. Qxd4 dxe5 10. Qf2 e4 11. Nxe4 Nf6 12. Nxf6+ exf6 13. hxg6 hxg6 14. Bd2 Re8+
15. Be2 Nc6 16. O-O-O Qc7 17. Bd3 Bg4 18. Qh4 Bxf3 19. gxf3 f5 20. Bc3 Bxc3 21.
bxc3 Kg7 22. Qh6+ Kf6 23. Bxf5 Rh8 24. Qg5+ Kg7 25. Rxh8 Rxh8 26. Rd7 Rh1+ 27.
Kd2 Rh2+ 28. Kd1 Rh1+ 29. Ke2 Nd4+ 30. cxd4 1-0

[Event "Warsaw Chess Open 2022 - A"]
[Site "Warsaw"]
[Date "1899-12-30"]
[Round "4.17"]
[White "Gradalski, Olaf"]
[Black "Krawczyk, Flawian"]
[Result "1/2-1/2"]
[WhiteTitle "k"]
[BlackTitle "I++"]
[WhiteElo "2049"]
[BlackElo "2162"]

1. e4 c5 2. c3 Nf6 3. e5 Nd5 4. d4 cxd4 5. Nf3 d6 6. cxd4 Nc6 7. Bc4 e6 8. O-O
Be7 9. Qe2 O-O 10. Bxd5 exd5 11. Nc3 Bg4 12. Rd1 Qa5 13. h3 Bxf3 14. Qxf3 dxe5
15. Nxd5 exd4 16. Nxe7+ Nxe7 17. Rxd4 Qe1+ 18. Kh2 Ng6 19. Rd1 Qe5+ 20. Kg1 Rad8
21. Be3 Rxd1+ 22. Rxd1 Qxb2 23. Bxa7 1/2-1/2

[Event "Warsaw Chess Open 2022 - A"]
[Site "Warsaw"]
[Date "1899-12-30"]
[Round "4.18"]
[White "Dubnevych, Maksym"]
[Black "Markuszewski, Maksymilian"]
[Result "1-0"]
[WhiteTitle ""]
[BlackTitle ""]
[WhiteElo "2131"]
[BlackElo "1931"]

1. d4 d5 2. c4 c6 3. Nf3 Nf6 4. g3 Bf5 5. Bg2 e6 6. O-O h6 7. Qb3 Qb6 8. cxd5 exd5
9. Qe3+ Be7 10. b3 Ng4 11. Qf4 Be6 12. Ba3 Bxa3 13. Nxa3 Nf6 14. Nc2 O-O 15. Nd2
Nbd7 16. b4 Rac8 17. a3 Qc7 18. Qxc7 Rxc7 19. Ne3 b5 20. a4 Rb8 21. Rfc1 Kf8 22.
Ra3 Ke7 23. a5 Rbc8 24. Rac3 Kd8 25. Nd1 Ne8 26. e4 Nd6 27. Ne3 dxe4 28. Nxe4
Nxe4 29. Bxe4 Nf6 30. Bg2 Rd7 31. Rd1 Nd5 32. Bxd5 Bxd5 33. Nf5 f6 34. Re3 Bg8
35. Rc3 Kc7 36. f3 Be6 37. Ne3 Rcd8 38. Rdc1 Rxd4 39. Rxc6+ Kd7 40. Rc7+ Ke8 41.
Rxg7 Rxb4 42. g4 Rd3 43. Re1 Rbb3 44. Nf5 Kf8 45. Rxe6 Rb2 46. Rxf6+ 1-0

[Event "Warsaw Chess Open 2022 - A"]
[Site "Warsaw"]
[Date "1899-12-30"]
[Round "4.19"]
[White "Atkinson, Paul"]
[Black "Shamatava, Nikolozi"]
[Result "0-1"]
[WhiteTitle "CM"]
[BlackTitle ""]
[WhiteElo "2116"]
[BlackElo "1783"]

1. Nf3 c5 2. c4 g6 3. g3 Bg7 4. Bg2 Nc6 5. O-O e6 6. e3 Nge7 7. d4 cxd4 8. Nxd4
Nxd4 9. exd4 d5 10. cxd5 Nxd5 11. Nc3 O-O 12. Nxd5 exd5 13. Be3 Be6 14. Qb3 Qd7
15. Rac1 Rfc8 16. h4 h5 17. Kh2 Bf6 18. Rfd1 b6 19. Bf3 Kg7 20. Be2 Rxc1 21. Rxc1
Rc8 22. Rc3 Rxc3 23. bxc3 Be7 24. Bf4 Bd6 25. Bxd6 Qxd6 26. Bf3 Qc6 27. Kg2 b5
28. Kf1 Kf6 29. Ke1 a6 30. Kd2 Qc4 31. Qxc4 bxc4 32. Ke3 Kg7 33. Kf4 f6 34. Bg2
Kh6 35. Bh1 Bf7 36. Bg2 Be6 37. f3 a5 38. Bf1 a4 39. a3 Bf7 40. Bh3 Be8 41. Bc8
Bc6 42. Be6 Kg7 43. g4 Kf8 44. gxh5 gxh5 45. Bc8 Ke7 46. Kf5 Kf7 47. Be6+ Ke7
48. Bc8 Kf7 49. f4 Ba8 50. Be6+ Ke7 51. Bg8 Kf8 52. Be6 Ke7 53. Bg8 Kf8 54. Bh7
Kg7 55. Ke6 Kxh7 56. Kxf6 Bb7 57. f5 Bc8 58. Ke5 Kg7 59. Kxd5 Kf6 60. Kxc4 Kxf5
61. Kb5 Kg4 62. c4 Kxh4 63. d5 Kg4 64. c5 Kf5 0-1

[Event "Warsaw Chess Open 2022 - A"]
[Site "Warsaw"]
[Date "1899-12-30"]
[Round "4.20"]
[White "Yasmo, Daniil"]
[Black "Ceponis, Tadas"]
[Result "0-1"]
[WhiteTitle ""]
[BlackTitle ""]
[WhiteElo "1680"]
[BlackElo "2093"]

1. e4 c6 2. Nf3 d5 3. d3 dxe4 4. dxe4 Qxd1+ 5. Kxd1 Bg4 6. Be2 Nf6 7. Nfd2 e5 8.
Bxg4 Nxg4 9. Ke2 Bc5 10. f3 Nf6 11. Nc4 Nbd7 12. a4 O-O 13. Be3 Bxe3 14. Kxe3
b5 15. Na5 Rfc8 16. Nc3 Rab8 17. Rhd1 b4 18. Ne2 Nb6 19. c4 Nfd7 20. Rd6 Nc5 21.
Nc1 Nb7 22. Nxb7 Nxc4+ 23. Ke2 Rxb7 24. Rd3 Nxb2 25. Rb3 Nc4 26. Nd3 c5 27. Rc1
Nd6 28. Rxc5 Rxc5 29. Nxc5 Rc7 30. Na6 Rc2+ 31. Kf1 Nc4 32. Kg1 h5 33. Nxb4 Rc1+
34. Kf2 h4 35. Nd5 Rc2+ 36. Kg1 Rc1+ 37. Kf2 Rc2+ 38. Kg1 Ra2 39. Rb4 Nb2 40.
Rb8+ Kh7 41. Rb7 Nd3 42. Ne3 Ra1+ 43. Nf1 Rxa4 44. Rxf7 Ra2 45. Rf5 a5 46. Rh5+
Kg8 47. Rxh4 a4 48. g4 a3 49. Ne3 Ra1+ 50. Kg2 Re1 51. Nd5 a2 0-1

[Event "Warsaw Chess Open 2022 - A"]
[Site "Warsaw"]
[Date "1899-12-30"]
[Round "4.21"]
[White "Siekanska, Zuzanna"]
[Black "Zaninotto, Franco"]
[Result "1/2-1/2"]
[WhiteTitle "I++"]
[BlackTitle "FM"]
[WhiteElo "1712"]
[BlackElo "2069"]

1. d4 Nf6 2. c4 e6 3. Nf3 d5 4. Nc3 c5 5. cxd5 Nxd5 6. e4 Nxc3 7. bxc3 cxd4 8.
cxd4 Bb4+ 9. Bd2 Bxd2+ 10. Qxd2 O-O 11. Bc4 Nd7 12. O-O b6 13. Rad1 Bb7 14. Rfe1
Rc8 15. Bb3 Re8 16. Re3 Nf6 17. Qd3 Qc7 18. d5 exd5 19. exd5 Rxe3 20. Qxe3 Rd8
21. h3 h6 22. Nh4 Qd7 23. d6 Re8 24. Qc3 Rc8 25. Qe5 Re8 26. Qc3 Rc8 27. Qe5 Re8
28. Qc3 1/2-1/2

[Event "Warsaw Chess Open 2022 - A"]
[Site "Warsaw"]
[Date "1899-12-30"]
[Round "4.22"]
[White "Malek, Jan"]
[Black "Kostecka, Marika"]
[Result "1-0"]
[WhiteTitle "k++"]
[BlackTitle "WCM"]
[WhiteElo "2320"]
[BlackElo "1836"]

1. c4 Nf6 2. Nc3 e6 3. d4 Bb4 4. e3 c5 5. a3 Bxc3+ 6. bxc3 b6 7. Bd3 Bb7 8. f3
d5 9. cxd5 exd5 10. Ne2 O-O 11. O-O Re8 12. Ng3 Ba6 13. Bxa6 Nxa6 14. Qd3 Nc7
15. e4 cxd4 16. cxd4 dxe4 17. fxe4 Ne6 18. Nf5 Qd7 19. d5 Nf8 20. Nxg7 Kxg7 21.
Bb2 Ng6 22. Rxf6 Kg8 23. Raf1 Qe7 24. d6 Rad8 25. Qd4 Qe5 26. Rxg6+ 1-0

[Event "Warsaw Chess Open 2022 - A"]
[Site "Warsaw"]
[Date "1899-12-30"]
[Round "4.23"]
[White "Fishchuk, Vladyslav"]
[Black "Podgorski, Maciej"]
[Result "1-0"]
[WhiteTitle "FM"]
[BlackTitle "I++"]
[WhiteElo "2309"]
[BlackElo "1967"]

1. d4 d5 2. Nf3 e6 3. g3 c5 4. c4 dxc4 5. Na3 cxd4 6. Nxc4 Nc6 7. Bg2 Nf6 8. O-O
Bc5 9. Bf4 Nd5 10. Be5 Nxe5 11. Ncxe5 Nf6 12. Rc1 Qb6 13. Qa4+ Nd7 14. Rc4 Ke7
15. Rfc1 Qd6 16. Rxc5 Nxc5 17. Qa3 b6 18. b4 Nd7 19. Rc6 Qb8 20. b5+ Nc5 21. Rxc5
Ke8 22. Rc1 Bb7 23. Nc4 Bd5 24. Nd6+ Ke7 25. Nc8+ Kf6 26. Qe7+ Kf5 27. Qg5+ Ke4
28. Nd2# 1-0

[Event "Warsaw Chess Open 2022 - A"]
[Site "Warsaw"]
[Date "1899-12-30"]
[Round "4.24"]
[White "Sliwerski, Radoslaw"]
[Black "Ciechanski, Jacenty"]
[Result "1-0"]
[WhiteTitle "k++"]
[BlackTitle "CM"]
[WhiteElo "1951"]
[BlackElo "2192"]

1. d4 g6 2. Nf3 Bg7 3. c4 Nf6 4. g3 O-O 5. Bg2 d6 6. O-O Nc6 7. Nc3 e5 8. dxe5
Nxe5 9. b3 Rb8 10. Be3 a6 11. Qd2 Nxf3+ 12. Bxf3 Be6 13. Ba7 Ra8 14. Bd4 Qc8 15.
Rac1 Rd8 16. Rfd1 Rb8 17. Ba7 Ra8 18. Bd4 Rb8 19. Nd5 Bxd5 20. cxd5 Ne8 21. Qc3
Bxd4 22. Rxd4 Qd7 23. Rc4 Rdc8 24. g4 Qd8 25. Kg2 b5 26. Rc6 b4 27. Qe3 a5 28.
g5 Rb7 29. h4 Ng7 30. Bg4 Ra8 31. R1c4 f5 32. gxf6 Qxf6 33. Qg5 Rf8 34. Qxf6 Rxf6
35. Rxc7 Rxc7 36. Rxc7 h5 37. Bd7 Rf7 38. Rc8+ Rf8 39. e4 Rxc8 40. Bxc8 Kf7 41.
f4 Kf6 42. Bd7 Ke7 43. Bb5 1-0

[Event "Warsaw Chess Open 2022 - A"]
[Site "Warsaw"]
[Date "1899-12-30"]
[Round "4.25"]
[White "Ciborowski, Konrad Jr"]
[Black "Zysko, Jan"]
[Result "1/2-1/2"]
[WhiteTitle "I++"]
[BlackTitle "k"]
[WhiteElo "1904"]
[BlackElo "2138"]

1. d4 Nf6 2. Nc3 d5 3. Bf4 g6 4. Nb5 Na6 5. Nf3 c6 6. Nc3 Bg7 7. e3 Nc7 8. h3 O-O
9. Bd3 a5 10. O-O Nce8 11. Re1 Nd6 12. Ne5 Bf5 13. Bf1 a4 14. a3 Qb6 15. b3 axb3
16. cxb3 Nfe4 17. Na4 Qa5 18. g4 Be6 19. Nc5 Nxc5 20. b4 Qa4 21. bxc5 Ne4 22.
Qxa4 Rxa4 23. Reb1 Ra7 24. Rb2 Rfa8 25. Bd3 f6 26. Nf3 Rxa3 27. Rxa3 Rxa3 28.
Bxe4 dxe4 29. Nd2 Ra2 30. Rxa2 Bxa2 31. Nxe4 Kf7 32. g5 fxg5 33. Nxg5+ Kg8 34.
Nf3 Bd5 35. Nd2 Kf7 36. Nb1 Ke6 37. Nc3 Bb3 38. Kh2 Kf5 39. Kg3 g5 40. Bc7 h5
41. f3 Bc2 42. h4 Bf6 43. hxg5 Kxg5 44. Be5 h4+ 45. Kh2 Bxe5+ 46. dxe5 Bd3 47.
Kg2 Bc4 48. Kh2 Be6 49. Kg2 Kf5 50. Kh3 Kg5+ 51. Kg2 Kf5 52. Kh3 Kg5+ 1/2-1/2

[Event "Warsaw Chess Open 2022 - A"]
[Site "Warsaw"]
[Date "1899-12-30"]
[Round "4.26"]
[White "Kulesza, Andrzej"]
[Black "Khamidov, Abdulla"]
[Result "1-0"]
[WhiteTitle "I++"]
[BlackTitle ""]
[WhiteElo "2051"]
[BlackElo "1834"]

1. e4 c5 2. Nf3 d6 3. d4 cxd4 4. Nxd4 Nf6 5. Nc3 a6 6. Bg5 Nbd7 7. Qe2 g6 8. O-O-O
Bg7 9. f4 Qc7 10. Nf3 e5 11. Qd2 h6 12. Bxf6 Nxf6 13. g3 Bg4 14. Be2 Bxf3 15.
Bxf3 Rd8 16. Kb1 O-O 17. h4 h5 18. f5 Qb6 19. Nd5 Nxd5 20. Qxd5 Qc5 21. Qb3 Kh7
22. g4 gxf5 23. gxf5 a5 24. Bxh5 Qc7 25. f6 Bxf6 26. Rdf1 Bg7 27. Bxf7 Rd7 28.
Be6 Rdd8 29. Bf5+ Kh8 30. Qf3 Rf6 31. Qg4 Rdf8 32. Rfg1 Qf7 33. a3 Bh6 34. Bg6
Qc4 35. Qd1 Rf2 36. Bf5 Rd2 37. Qc1 Bf4 38. Rh3 d5 39. Rc3 Qd4 40. Qe1 dxe4 41.
Bxe4 Bh2 42. Rh1 Rf4 43. Bd3 Rg2 44. Rc8+ Kg7 45. Qxa5 e4 46. Bc4 Rff2 47. Qh5
Qe3 48. Qh8+ Kg6 49. Rg8+ Kf5 50. Qh5+ Kf4 51. Qh6+ Kf3 52. Rf8+ Bf4 53. Qh5+
Rg4 54. Rh3+ 1-0

[Event "Warsaw Chess Open 2022 - A"]
[Site "Warsaw"]
[Date "1899-12-30"]
[Round "4.28"]
[White "Klim, Filip"]
[Black "Oniani, Tamar"]
[Result "0-1"]
[WhiteTitle "I++"]
[BlackTitle ""]
[WhiteElo "1975"]
[BlackElo "1663"]

1. e4 e6 2. d4 d5 3. Nc3 Bb4 4. Nge2 dxe4 5. a3 Be7 6. Nxe4 Nf6 7. Nxf6+ Bxf6 8.
Be3 O-O 9. Qd2 c5 10. O-O-O Qb6 11. Bg5 Nd7 12. g3 cxd4 13. Nxd4 e5 14. Nb5 Qc6
15. Be2 Nc5 16. Nc3 Bf5 17. Bxf6 gxf6 18. Bb5 Qe6 19. Qe3 Rac8 20. Rd5 Nb3+ 21.
Kb1 Bxc2+ 22. Ka2 Rxc3 23. Qxc3 Qxd5 0-1

[Event "Warsaw Chess Open 2022 - A"]
[Site "Warsaw"]
[Date "1899-12-30"]
[Round "4.29"]
[White "Rejniak, Zuzanna"]
[Black "Murchadha, Oissine"]
[Result "1/2-1/2"]
[WhiteTitle "k"]
[BlackTitle "I"]
[WhiteElo "1813"]
[BlackElo "1984"]

1. e4 c6 2. d4 d5 3. Nc3 dxe4 4. Nxe4 Nf6 5. Nxf6+ exf6 6. c3 Bd6 7. Bd3 O-O 8.
Qc2 Re8+ 9. Ne2 h5 10. Be3 Nd7 11. O-O-O Nf8 12. Kb1 Be6 13. c4 Ng6 14. Ng3 Ne7
15. Nxh5 Bg4 16. Be2 Bf5 17. Bd3 Bg4 18. Be2 Bf5 19. Bd3 1/2-1/2

[Event "Warsaw Chess Open 2022 - A"]
[Site "Warsaw"]
[Date "1899-12-30"]
[Round "4.30"]
[White "Pettersson, Alexander"]
[Black "Adamski, Adam"]
[Result "1/2-1/2"]
[WhiteTitle "II+"]
[BlackTitle "I"]
[WhiteElo "1968"]
[BlackElo "1784"]

1. d4 Nf6 2. c4 g6 3. Nc3 d5 4. Qb3 dxc4 5. Qxc4 Be6 6. Qb5+ Bd7 7. Qb3 c5 8. d5
b5 9. Nxb5 Qa5+ 10. Nc3 Na6 11. Bf4 Bg7 12. f3 O-O 13. e4 Rab8 14. Bxb8 Rxb8 15.
Qc2 Nxd5 16. Nge2 Rxb2 17. Qxb2 Nxc3 18. Qd2 Nb4 19. Nxc3 Nc2+ 20. Qxc2 Bxc3+
21. Kf2 Bd4+ 22. Kg3 Qc7+ 1/2-1/2

[Event "Warsaw Chess Open 2022 - A"]
[Site "Warsaw"]
[Date "1899-12-30"]
[Round "4.31"]
[White "Zalega, Maciej"]
[Black "Dalkowski, Rafal"]
[Result "0-1"]
[WhiteTitle "I+"]
[BlackTitle "k"]
[WhiteElo "1912"]
[BlackElo "2120"]

1. e4 c6 2. d4 d5 3. Nc3 dxe4 4. Nxe4 Bf5 5. Ng3 Bg6 6. h4 h6 7. Nf3 Nd7 8. h5
Bh7 9. Bd3 Bxd3 10. Qxd3 e6 11. Bd2 Ngf6 12. O-O-O Qb6 13. Kb1 Be7 14. Rhe1 O-O
15. Nf5 exf5 16. Rxe7 Qd8 17. Re2 Ne4 18. Bc1 Re8 19. Rde1 Ndf6 20. Nd2 Qd7 21.
Nxe4 fxe4 22. Qg3 Kh7 23. Be3 Rad8 24. c3 b5 25. Qh4 Qf5 26. Rh1 Rd5 27. Qg3 Qd7
28. Ree1 a5 29. Rh4 a4 30. Qf4 Rf5 31. Qh2 Qd5 32. g4 Rf3 33. Rc1 Qc4 34. Qd6
Nd5 35. g5 hxg5 36. Bxg5 Rxf2 37. h6 g6 38. Rh2 Rxh2 39. Qxh2 e3 40. Ka1 Nb4 0-1